000 02458 a2200205 4500
001 39711
005 20260407155654.0
008 260407a1963 arg spa d
003 AR-UNSa-BCEJYS
040 _aAR-UNSa-BCEJYS
_bspa
_cAR-UNSa-BCEJYS
080 _a330
_xEconomía en general
245 1 0 _aEconomía
264 1 _aMéxico :
_bUnión Tipográfica Editorial Hispano-Americana (UTEHA)
_c1963
300 _axvii, 674 p.
_c23 cm.
505 _aParte I: Introducción : 1. El sistema económico y sus problemas - 2. La economía a vista de pájaro - Parte II: Dinero, ingreso, empleo y temas conexos: 3. Dinero - 4. El dinero y los precios - 5. La banca y la oferta de dinero - 6. El sistema de la reserva federal - 7. Ingreso agregado - su significado y medición - 8. Determiación del ingreso agregado - 9. Determinación del ingreso agregado( continuación) - 10. Las fluctuaciones económicas - 11. Política monetaria y fiscal hacia la estabilización económica - 12. La deuda pública - 13. El gasto público - 14. Los impustos - 15. El crecimiento económico - Parte III : Determinación de los precios, distribución de los recursos y problemas conexos : 16. Organización financiera de la unidad económica - 17. Especialización y escala y localización de la producción - 18. Naturaleza y significación de la demanda - 18. Naturaleza y significación de la demanda - 19. Oferta y precio - 20. El costo de producción de la empresa en el período corto - 21. Determinación de los precios a plazo corto en competencia pura - 22. Determinación de los precios a plazo largo en competencia pura - 23. Determinación de los precios en el monopolio, el oligopolio y la competencia monopolística - 24. Regulación del monopolio y de las prácticas monopolizadoras - 25. Productividad marginal y distribución del ingreso - 26. Salarios - 27. La organización laboral y la legisación del trabajo - 28. Interés, renta y ganancias - Parte IV : Algunos topicos y problemas económicos especiales: 29. Comercio internacionaly balanza de pagos - 30. Cambio extranjero y ajustes internacionales - 31. La política económica internacional y sus problemas - 32. Algunos problemas económicos de la agricultura - 33. Desarrollo económico de los países subdesarrollado - 34. Sistemas económicos alternos.
942 _cBK
590 _aniveau_biblio:m niveau_hierar:0
100 1 _aFernández Cepero, Manuel de J.
700 1 _aGuthrie, John A.
999 _c3092
_d3092